Discographie d'Angèle - Statistiques

Statistiques générales
  • Ce quiz a été pris 93 fois
  • Le résultat moyen est 24 sur 43
Statistiques - réponses
Brol La Suite % Correct
Balance ton quoi
90%
La loi de Murphy
90%
Bruxelles je t'aime
87%
Ta reine
86%
Ta reine - Version orchestrale
86%
Tout oublier
83%
Je veux tes yeux
77%
Oui ou non
77%
Taxi
77%
Démons
75%
Démons - Live orchestrale
75%
Flou
75%
Fever
72%
Jalousie
71%
La thune
68%
Libre
68%
Flemme
65%
Tempête
58%
Insomnies
57%
Les matins
54%
Patrick
54%
Nombreux
52%
CP_009_Évidemment
49%
Perdus
49%
Que du love
49%
Victime des réseaux
49%
J'entends
48%
Le temps fera les choses
48%
Le temps fera les choses - Alternative version
48%
Pensées positives
46%
Solo
46%
Mauvais rêves
45%
Tu me regardes
45%
On s'habitue
43%
Mots justes
38%
Plus de sens
38%
Amour, Haine & Danger
33%
Nightcall
32%
Profite
30%
Promets-moi
30%
Sunflower
22%
SEMPRE / JAMAIS
20%
NOTRE DAME
16%
Aucun quiz correspondant
Distribution des résultats
% des personnes avec chaque résultat
Percentile par nombre de réponses
Votre historique - résultats
Vous n’avez pas pris ce quiz